Establishment of Religion Clause : (Record no. 621604)

MARC details
000 -LEADER
fixed length control field 00497nam a2200193 a 4500
008 - FIXED-LENGTH DATA ELEMENTS--GENERAL INFORMATION
fixed length control field 260429s2007##################000#0#eng##
020 ## - INTERNATIONAL STANDARD BOOK NUMBER
ISBN 9781591025177
082 04 - DEWEY DECIMAL CLASSIFICATION NUMBER
Classification number 342.730842
Item number BRO
100 1# - MAIN ENTRY--AUTHOR NAME
Personal name Brownstein, Alan,
245 10 - TITLE STATEMENT
Title Establishment of Religion Clause :
260 ## - PUBLICATION, DISTRIBUTION, ETC. (IMPRINT)
Name of publisher Prometheus,
Year of publication 2007.
300 ## - PHYSICAL DESCRIPTION
Number of Pages 388 pages
650 #0 - SUBJECT ADDED ENTRY--TOPICAL TERM
Topical Term Law.
942 ## - ADDED ENTRY ELEMENTS (KOHA)
Koha item type English Books
Holdings
Withdrawn status Lost status Damaged status Not for loan Home library Current library Date acquired Full call number Accession Number Price effective from Koha item type
        Anna Centenary Library Anna Centenary Library 29.04.2026 342.730842 BRO 426752 29.04.2026 English Books

Find us on the map